00574nam a2200193 i 4500003000900000005001700009007000300026008004100029040003000070082001300100100000300113245005900116264006700175300004600242336002700288337003400315338002800349700000300377DO-SdBNP20240321103620.0ta240321s190? dr acd 000 j spa d aDO-SdBNPbspacBNPHUerda bT568222 13aTigres del Licey :bguía de prensa temporada 1996-97 1aSanto Domingo :bEdiciones Deportivas,cfecha no identificada. a109 páginas, bilustraciones ;c24 cm. 2rdacontentatextobtxt 2rdamediaasin mediación bn 2rdacarrieravolumenbnc